|
|
|
|
| LEADER |
00000nam0a2200000 4500 |
| 001 |
288648 |
| 005 |
20231102000117.0 |
| 020 |
|
|
|a RU
|b 85-88871
|
| 035 |
|
|
|a (RuTPU)RU\TPU\book\313127
|
| 090 |
|
|
|a 288648
|
| 100 |
|
|
|a 20150326d1985 km y0rusy5003 ca
|
| 101 |
0 |
|
|a rus
|
| 102 |
|
|
|a RU
|
| 105 |
|
|
|a ac z 001zb
|
| 200 |
1 |
|
|a Статьи. Материалы
|f Б. А. Александров
|g сост. Б. М. Рунов
|
| 210 |
|
|
|a Москва
|c Советский композитор
|d 1985
|
| 215 |
|
|
|a 145 с.
|c 9 л. ил.
|
| 320 |
|
|
|a Библиогр.: с. 133-142
|
| 600 |
|
1 |
|a Александров
|b Б. А.
|c советский, российский композитор
|f 1905-1994
|g Борис Александрович
|2 stltpush
|3 (RuTPU)RU\TPU\pers\37191
|
| 606 |
1 |
|
|a Композиторы
|2 stltpush
|3 (RuTPU)RU\TPU\subj\15032
|9 41330
|
| 606 |
1 |
|
|a Дирижерское искусство
|2 stltpush
|3 (RuTPU)RU\TPU\subj\9587
|9 36805
|
| 610 |
1 |
|
|a русская советская музыка
|
| 610 |
1 |
|
|a дирижеры
|
| 610 |
1 |
|
|a музыкальная культура
|
| 610 |
1 |
|
|a музыкальные произведения
|
| 610 |
1 |
|
|a Россия
|
| 610 |
1 |
|
|a история
|
| 610 |
1 |
|
|a 20 век
|
| 675 |
|
|
|a 78.071.1
|v 4
|
| 675 |
|
|
|a 78.071.2
|v 4
|
| 700 |
|
1 |
|a Александров
|b Б. А.
|g Борис Александрович
|
| 702 |
|
1 |
|a Рунов
|b Б. М.
|g Борис Митрофанович
|4 220
|
| 801 |
|
0 |
|a RU
|b RuMRKP
|c 19950704
|g psbo
|
| 801 |
|
1 |
|a RU
|b 63413507
|c 20150326
|
| 801 |
|
2 |
|a RU
|b 63413507
|c 20170706
|g RCR
|
| 942 |
|
|
|c BK
|